Score 0/23 Timer 10:00
0 Plays Today
Hint Answer % Correct
Tonga
93.7%
Samoa
93.7%
Tuvalu
84.1%
Hawaii
82.5%
Fiji
82.5%
Tahiti
68.3%
New Zealand
60.3%
Easter Island
58.7%
Marquesas
57.1%
Pitcairn
55.6%
Tokelau
54%
Society Islands
49.2%
Hint Answer % Correct
Line Islands
46%
Tuamotus
42.9%
Austral Islands
36.5%
Gambiers
36.5%
Kermadecs
34.9%
Chathams
34.9%
Phoenix Islands
34.9%
E Uvea
31.7%
North Cook Islands
30.2%
South Cook Islands
30.2%
E Furtuna
30.2%
Remove Ads.
Support Sporcle.
Get the best of Sporcle when you Go Orange. This ad-free experience offers more features, more stats, and more fun while also helping to support Sporcle. Thank you for becoming a member.

You're not logged in!

Compare scores with friends on all Sporcle quizzes.
OR
Log In

Show Comments

Extras

Created Jan 17, 2015ReportNominate
Tags:group, island

Top Quizzes Today


Score Distribution

Your Account Isn't Verified!

In order to create a playlist on Sporcle, you need to verify the email address you used during registration. Go to your Sporcle Settings to finish the process.

Report this User

Report this user for behavior that violates our Community Guidelines.

Details: